000 00362nam a22001457a 4500
003 OSt
005 20160727222403.0
008 160623b xxu||||| |||| 00| 0 eng d
040 _cTEST
100 _9755
_aColton, V
245 _aHouse Hold Hints & Handy Tips
260 _aCANADA
_bREADERS DIGEST
_c1988
300 _aHouse Hold Hints & Handy Tips
942 _2ddc
_cBK
999 _c606
_d606